Wszystkie Autostrady W Polsce - Statystyki

Ogólne statystyki
  • Ten quiz został rozwiązany 215 razy
  • Średni wynik to 6 z 6
Statystyki odpowiedzi
Hint Odpowiedź % Poprawnych
-KATOWICE-CZĘSTOCHOWA-ŁÓDZ-TORUŃ-GRUDZIĄDZ-GDAŃSK- _A1_
99%
-POZNAŃ-KONIN-ŁÓDZ-WARSZAWA-SIEDLCE- _A2_
99%
-LEGNICA-WROCŁAW-OPOLE-GLIWICE-KATOWICE-KRAKÓW-TARNÓW-RZESZÓW- _A4_
99%
-SZCZECIN-RADZISZEWO-KOŁBASKOWO- _A6_
96%
-WROCŁAW- _A8_
96%
-KRZYŻOWA-IŁOWA-TRZEBIEL- _A18_
74%
Nie znaleziono quizów pasujących do podanych kryteriów
Rozkład punktacji
Procent ludzi z każdym wynikiem
Percentyl według liczby udzielonych odpowiedzi
Twoja historia wyników
Nie rozwiązałeś tego quizu